Countries That Don't Border a 100m+ Country - Sudden Death - Statistics

General Stats
  • This quiz has been taken 106 times
    96 since last reset
  • The average score is 9 of 18
Answers on the Grid
Answers color-coded by a green-red scale on the quiz's grid according to % correct below.
Algeria
Angola
Benin
Botswana
Brazil
Bulgaria
Cameroon
Canada
Chile
Estonia
Gambia
Germany
Guatemala
Haiti
Honduras
Israel
Kenya
Kyrgyzstan
Laos
Slovakia
Nauru
North Korea
Norway
Oman
Pakistan
Papua New Guinea
South Africa
Sudan
Suriname
Sweden
Syria
Taiwan
United Arab Emirates
United States
Uzbekistan
Zambia
 
Answer Stats
Answer % Correct
Algeria
75%
Haiti
59%
Brazil
54%
Germany
54%
Chile
53%
Gambia
51%
Bulgaria
47%
Nauru
46%
Oman
46%
South Africa
46%
Sweden
46%
Botswana
44%
United Arab Emirates
44%
Honduras
42%
Taiwan
42%
Slovakia
41%
Syria
36%
Uzbekistan
34%
No matching quizzes found
Score Distribution
Percent of People with Each Score
Percentile by Number Answered
Your Score History
You have not taken this quiz since the last reset